[Event "Lloyds Bank Masters 17th"]
[Site "London"]
[Date "1993.08.22"]
[Round "2"]
[White "Bisby, Daniel L"]
[Black "Franklin, Michael J"]
[Result "0-1"]
[WhiteElo "2150"]
[BlackElo "2275"]
[PlyCount "106"]
[EventDate "1993.08.21"]
[EventType "swiss"]
[EventRounds "10"]
[EventCountry "ENG"]

1. c4 Nf6 2. Nc3 e6 3. e4 c5 4. e5 Ng8 5. d4 cxd4 6. Qxd4 Nc6 7. Qe4 f5 8. Qe3
b6 9. Qg3 Bb7 10. Nf3 Nb4 11. Bg5 Be7 12. Bxe7 Nxe7 13. O-O-O O-O 14. Ng5 Qe8
15. a3 Na6 16. Nb5 Bc6 17. Nd6 Qg6 18. Nf3 Ba4 19. Qxg6 Nxg6 20. Rd2 Nc5 21.
Re2 Nd3+ 22. Kb1 Bd1 23. Rd2 Bxf3 24. Rxd3 Be4 25. Nxe4 fxe4 26. Rd4 Rxf2 27.
Rxe4 Raf8 28. Re1 Nxe5 29. Rxe5 Rxf1+ 30. Rxf1 Rxf1+ 31. Ka2 Kf7 32. Re2 d6 33.
Kb3 Rf4 34. Kb4 a6 35. a4 d5 36. b3 Ke7 37. Rc2 Kd6 38. g3 Rf3 39. cxd5 exd5
40. Rc8 a5+ 41. Ka3 Rf7 42. Rb8 Kc7 43. Ra8 Kc6 44. Rc8+ Rc7 45. Rh8 h6 46. Kb2
Kc5 47. Kc3 d4+ 48. Kd3 Kb4 49. Rb8 Rc6 50. Rb7 Kxb3 51. Kxd4 Kxa4 52. Kd5 Rg6
53. h4 b5 0-1

[Event "Lloyds Bank Masters 17th"]
[Site "London"]
[Date "1993.08.22"]
[Round "2"]
[White "Pink, Stuart"]
[Black "Flear, Glenn C"]
[Result "0-1"]
[WhiteElo "2070"]
[BlackElo "2500"]
[PlyCount "104"]
[EventDate "1993.08.21"]
[EventType "swiss"]
[EventRounds "10"]
[EventCountry "ENG"]

1. e4 e5 2. Nf3 Nc6 3. Bb5 a6 4. Ba4 Nf6 5. O-O Nxe4 6. d4 b5 7. Bb3 d5 8. dxe5
Be6 9. Nbd2 Bc5 10. Nxe4 dxe4 11. Ng5 Qxd1 12. Rxd1 Bxb3 13. cxb3 Bd4 14. Nxe4
O-O-O 15. Bg5 Rd5 16. Nc3 Rxe5 17. Bf4 Rf5 18. Bg3 Rd8 19. Rac1 Rc5 20. Kf1 Kb7
21. f3 b4 22. Na4 Rcd5 23. Rc2 Ba7 24. Rxd5 Rxd5 25. Bf2 Nd4 26. Rc4 a5 27. Rc1
Ne6 28. Bxa7 Kxa7 29. Rc2 Kb7 30. Kf2 c5 31. Kg3 Kc6 32. Rc4 Rd2 33. f4 f5 34.
Kf3 Kb5 35. Rc1 Rd3+ 36. Kf2 Rd2+ 37. Kf3 Nd4+ 38. Ke3 Rc2 39. Rxc2 Nxc2+ 40.
Kd2 Nd4 41. Ke3 Ne6 42. g3 Nc7 43. Kd3 Nd5 44. Kd2 h5 45. Kd3 Nf6 46. Ke2 Ng4
47. h3 Nf6 48. Ke3 g6 49. Kf3 Ne4 50. g4 h4 51. gxf5 gxf5 52. Ke3 Nf6 0-1

[Event "Lloyds Bank Masters 17th"]
[Site "London"]
[Date "1993.08.22"]
[Round "2"]
[White "Howell, James C"]
[Black "Gretarsson, Helgi Ass"]
[Result "1/2-1/2"]
[WhiteElo "2505"]
[BlackElo "2365"]
[PlyCount "102"]
[EventDate "1993.08.21"]
[EventType "swiss"]
[EventRounds "10"]
[EventCountry "ENG"]

1. e4 e5 2. Nf3 Nc6 3. Bb5 a6 4. Ba4 d6 5. c3 Bd7 6. d4 Nf6 7. O-O Be7 8. Re1
O-O 9. Nbd2 Re8 10. Nf1 Bf8 11. Ng3 g6 12. h3 Bg7 13. Bc2 Qe7 14. Nh2 exd4 15.
cxd4 Nb4 16. Bb3 Bb5 17. a4 Bc6 18. Nf3 Bxe4 19. Nxe4 Nxe4 20. Bd2 d5 21. Bxb4
Qxb4 22. Bxd5 Nd6 23. Qb3 Qxb3 24. Bxb3 Nf5 25. Rad1 Rxe1+ 26. Rxe1 Kf8 27. Ng5
Nxd4 28. Ba2 h6 29. Nxf7 Re8 30. Kf1 Rxe1+ 31. Kxe1 Nc6 32. Kd2 Nb4 33. Bb3 Ke7
34. f4 b5 35. axb5 axb5 36. Ke3 Bxb2 37. Nxh6 c5 38. Bd1 c4 39. Ng4 Ke6 40. Nf2
Nd5+ 41. Kf3 Bd4 42. Ne4 b4 43. Nd2 Ne3 44. Ba4 Bb6 45. g4 c3 46. Nb3 Kf6 47.
Na1 Nc4 48. Ke4 Bc7 49. h4 Nd2+ 50. Ke3 Nc4+ 51. Ke4 Nd2+ 1/2-1/2

[Event "Lloyds Bank Masters 17th"]
[Site "London"]
[Date "1993.08.22"]
[Round "2"]
[White "Webster, Andrew"]
[Black "Gasik, Renata"]
[Result "1/2-1/2"]
[WhiteElo "2410"]
[BlackElo "2125"]
[PlyCount "99"]
[EventDate "1993.08.21"]
[EventType "swiss"]
[EventRounds "10"]
[EventCountry "ENG"]

1. d4 Nf6 2. c4 e6 3. Nc3 Bb4 4. g3 O-O 5. Bg2 d5 6. Nf3 c5 7. O-O cxd4 8. Nxd4
e5 9. Nxd5 Nxd5 10. Nc2 Nc3 11. Qxd8 Nxe2+ 12. Kh1 Rxd8 13. Nxb4 Nd4 14. f4 Nd7
15. Nd5 Rb8 16. b3 b5 17. Bb2 Nc6 18. cxb5 Rxb5 19. Rac1 Ndb8 20. Nc7 Rb6 21.
fxe5 Nb4 22. Rfd1 Nd3 23. Rxd3 Rxd3 24. Nd5 Be6 25. Nxb6 axb6 26. Ba3 f6 27.
exf6 gxf6 28. Bb4 Nd7 29. Bf1 Rf3 30. Kg2 Ne5 31. Bc4 Bxc4 32. Rxc4 Re3 33. Rc2
Nd3 34. Bc3 Kg7 35. Kf1 Kg6 36. Re2 Rxe2 37. Kxe2 Nc1+ 38. Kd1 Nxa2 39. Bd2 Kf5
40. Kc2 Ke4 41. g4 Kf3 42. Kb2 Ke2 43. Kc2 Kf3 44. g5 fxg5 45. Bxg5 Nb4+ 46.
Kc3 Nc6 47. Kc4 Na5+ 48. Kb4 Ke4 49. Ka4 Kd3 50. b4 1/2-1/2

[Event "Lloyds Bank Masters 17th"]
[Site "London"]
[Date "1993.08.22"]
[Round "2"]
[White "Harari, Zaki"]
[Black "Ward, Christopher R"]
[Result "0-1"]
[WhiteElo "2265"]
[BlackElo "2460"]
[PlyCount "94"]
[EventDate "1993.08.21"]
[EventType "swiss"]
[EventRounds "10"]
[EventCountry "ENG"]

1. d4 Nf6 2. c4 e6 3. Nc3 Bb4 4. e3 b6 5. Be2 Ne4 6. Qb3 Bxc3+ 7. bxc3 d6 8.
Nf3 O-O 9. O-O c5 10. Ne1 f5 11. f3 Ng5 12. Nd3 Nc6 13. Rd1 Qe7 14. Nf4 Na5 15.
Qa4 Bd7 16. Qc2 Rac8 17. dxc5 bxc5 18. Rb1 Rb8 19. Bd2 Nf7 20. e4 Rxb1 21. Qxb1
fxe4 22. Qxe4 Ne5 23. Bc1 Ba4 24. Re1 Bc6 25. Qe3 Rb8 26. Bf1 Naxc4 27. Bxc4
Nxc4 28. Qxe6+ Qxe6 29. Nxe6 Rb1 30. Kf2 Ne5 31. Ke2 Bd5 32. Nc7 Bxa2 33. f4
Bc4+ 34. Kd2 Nd3 35. Re8+ Kf7 36. Ba3 Ra1 37. Re4 d5 38. Nxd5 Bxd5 39. Ra4 c4
40. Rxa7+ Kg6 41. g3 Nf2 42. Kc2 Be4+ 43. Kd2 Ng4 44. h3 Ra2+ 45. Ke1 Nf2 46.
Ra6+ Kf7 47. Ra7+ Kg8 0-1

[Event "Lloyds Bank Masters 17th"]
[Site "London"]
[Date "1993.08.22"]
[Round "2"]
[White "Mortazavi, Ali"]
[Black "Stayt, Jim"]
[Result "1-0"]
[WhiteElo "2345"]
[BlackElo "2120"]
[PlyCount "91"]
[EventDate "1993.08.21"]
[EventType "swiss"]
[EventRounds "10"]
[EventCountry "ENG"]

1. Nf3 Nf6 2. d4 g6 3. Nc3 Bg7 4. e4 d6 5. Be3 O-O 6. Qd2 c6 7. Bh6 Qa5 8. Bd3
b5 9. Bxg7 Kxg7 10. O-O Nbd7 11. e5 dxe5 12. dxe5 Ng4 13. Qf4 b4 14. Qxg4 bxc3
15. b4 Qd5 16. Qg3 c5 17. Rfe1 Rb8 18. Rad1 Qxa2 19. e6 fxe6 20. Ne5 Rxb4 21.
Nxg6 Nf6 22. Nxf8+ Kxf8 23. Bf5 exf5 24. Rd8+ Kf7 25. Rxc8 Qxc2 26. Rxc5 Rb1
27. Rce5 Rxe1+ 28. Rxe1 Qd2 29. Qe5 c2 30. Qxe7+ Kg6 31. Qe3 Qxe3 32. fxe3 Nd5
33. Rc1 Nxe3 34. Kf2 f4 35. Kf3 Kf5 36. g3 Nd5 37. Rxc2 fxg3 38. hxg3 Nf6 39.
Ra2 h5 40. Rxa7 Kg5 41. Ra5+ Kg6 42. Kf4 Kh6 43. Kf5 Ne8 44. Ra6+ Kh7 45. Kg5
Ng7 46. Ra7 1-0

[Event "Lloyds Bank Masters 17th"]
[Site "London"]
[Date "1993.08.22"]
[Round "2"]
[White "Gullaksen, Eirik T"]
[Black "Lauterbach, Ingrid"]
[Result "1-0"]
[WhiteElo "2390"]
[BlackElo "2120"]
[PlyCount "87"]
[EventDate "1993.08.21"]
[EventType "swiss"]
[EventRounds "10"]
[EventCountry "ENG"]

1. e4 d6 2. d4 Nf6 3. Nc3 g6 4. Be3 c6 5. f3 b5 6. Qd2 Nbd7 7. h4 Qa5 8. Nh3
Nb6 9. a3 Nc4 10. Bxc4 bxc4 11. Nf2 h5 12. O-O d5 13. Nxd5 Qxd2 14. Nxf6+ exf6
15. Bxd2 Be7 16. Bb4 Bd8 17. Bd6 Bb6 18. c3 Be6 19. Rfe1 Rd8 20. e5 f5 21. a4
a5 22. Nh3 Rd7 23. g3 Rb7 24. Rad1 Kd7 25. Re2 Re8 26. Kg2 Bd5 27. Nf4 Bd8 28.
Kf2 Bb6 29. Rb1 Ba7 30. b4 cxb3 31. Nxd5 cxd5 32. Reb2 Bb8 33. Ba3 Ba7 34. Rxb3
Rxb3 35. Rxb3 Kc6 36. Bd6 Bb6 37. Ke3 f6 38. f4 fxe5 39. fxe5 Rg8 40. Kf4 Re8
41. Rb5 Re6 42. c4 Rxd6 43. Rxb6+ Kxb6 44. c5+ 1-0

[Event "Lloyds Bank Masters 17th"]
[Site "London"]
[Date "1993.08.22"]
[Round "2"]
[White "Plaskett, H James"]
[Black "Rossiter, Philip J"]
[Result "1-0"]
[WhiteElo "2470"]
[BlackElo "2330"]
[PlyCount "87"]
[EventDate "1993.08.21"]
[EventType "swiss"]
[EventRounds "10"]
[EventCountry "ENG"]

1. d4 d5 2. Nf3 c5 3. g3 Nf6 4. Bg2 e6 5. c4 Be7 6. O-O O-O 7. cxd5 exd5 8. Nc3
Nc6 9. dxc5 Bxc5 10. Bg5 d4 11. Bxf6 Qxf6 12. Nd5 Qd8 13. Nd2 a6 14. Rc1 Ba7
15. Nc4 Re8 16. Re1 Bg4 17. Qd2 Rc8 18. b4 b5 19. Na5 Nxa5 20. Rxc8 Bxc8 21.
bxa5 Be6 22. Nf4 Bc4 23. a4 Bb8 24. axb5 Bxf4 25. gxf4 Bxb5 26. Bf3 d3 27. exd3
Rxe1+ 28. Qxe1 Qxd3 29. Be4 Qd6 30. Qc1 Qe6 31. Bd5 Qg4+ 32. Bg2 g6 33. h3 Qf5
34. Qd2 Qd3 35. Qxd3 Bxd3 36. Bd5 Kf8 37. Kg2 Ke7 38. Kf3 Kd6 39. Bxf7 Kc5 40.
Kg4 Bf5+ 41. Kg5 Bxh3 42. Bg8 h5 43. Kxg6 h4 44. Kg5 1-0

[Event "Lloyds Bank Masters 17th"]
[Site "London"]
[Date "1993.08.22"]
[Round "2"]
[White "Mah, Karl"]
[Black "Ansell, Simon"]
[Result "0-1"]
[WhiteElo "2115"]
[BlackElo "2290"]
[PlyCount "80"]
[EventDate "1993.08.21"]
[EventType "swiss"]
[EventRounds "10"]
[EventCountry "ENG"]

1. e4 c5 2. Nc3 Nc6 3. g3 g6 4. Bg2 Bg7 5. d3 e6 6. f4 Nge7 7. Nh3 d6 8. O-O
O-O 9. Ne2 b6 10. c3 Qd7 11. g4 f5 12. gxf5 gxf5 13. Ng3 Bb7 14. exf5 Nxf5 15.
Nxf5 Rxf5 16. Be4 Ne7 17. Ng5 Bxe4 18. dxe4 Rf6 19. Kh1 Qc6 20. Qf3 h6 21. Nh3
Ng6 22. Nf2 Raf8 23. Ng4 R6f7 24. Rg1 Kh7 25. Qg2 Nh4 26. Qe2 d5 27. Qf2 Ng6
28. Qg2 Ne7 29. Ne5 Bxe5 30. fxe5 Rg8 31. Qh3 Rxg1+ 32. Kxg1 Rg7+ 33. Kf2 Rg6
34. Qh5 Qe8 35. Qf3 Rg7 36. Ke2 Qg6 37. exd5 Rf7 38. Qg3 Qe4+ 39. Qe3 Qg2+ 40.
Kd3 Rf3 0-1

[Event "Lloyds Bank Masters 17th"]
[Site "London"]
[Date "1993.08.22"]
[Round "2"]
[White "Salem, Aylem M"]
[Black "Dhar Barua, Saheli"]
[Result "1-0"]
[WhiteElo "2285"]
[BlackElo "2050"]
[PlyCount "79"]
[EventDate "1993.08.21"]
[EventType "swiss"]
[EventRounds "10"]
[EventCountry "ENG"]

1. e4 e5 2. Nf3 Nc6 3. Bb5 a6 4. Ba4 Nf6 5. O-O Be7 6. Bxc6 dxc6 7. Qe1 Nd7 8.
d4 exd4 9. Nxd4 Nb6 10. Nf3 Be6 11. b3 O-O 12. Bb2 Qd7 13. Ne5 Qd6 14. Nd3 Qd7
15. f4 f6 16. f5 Bf7 17. e5 fxe5 18. Nxe5 Qd6 19. Ng4 Bh5 20. h3 Rae8 21. Qf2
Bxg4 22. hxg4 Bg5 23. Bc1 Bf6 24. c3 Nd5 25. Ba3 Qd7 26. Bxf8 Nxc3 27. Nxc3 Bd4
28. Rad1 Bxf2+ 29. Rxf2 Qf7 30. Ba3 Qf6 31. Re2 Rxe2 32. Nxe2 h5 33. gxh5 Qxf5
34. Ng3 Qa5 35. Rd8+ Kh7 36. Bf8 Qe1+ 37. Kh2 Qf2 38. Be7 Qe3 39. Rd7 Qf4 40.
Bd8 1-0

[Event "Lloyds Bank Masters 17th"]
[Site "London"]
[Date "1993.08.22"]
[Round "2"]
[White "Ioannides, Milton"]
[Black "Naumkin, Igor"]
[Result "0-1"]
[WhiteElo "2045"]
[BlackElo "2450"]
[PlyCount "77"]
[EventDate "1993.08.21"]
[EventType "swiss"]
[EventRounds "10"]
[EventCountry "ENG"]

1. e4 e6 2. d4 d5 3. e5 c5 4. c3 Nc6 5. Nf3 Qb6 6. a3 c4 7. g3 Bd7 8. Nbd2 Na5
9. Bg2 h6 10. Rb1 Ne7 11. O-O Qc7 12. Qc2 Nc8 13. Ne1 Nb6 14. Qd1 O-O-O 15. f4
f5 16. exf6 gxf6 17. Qe2 Bd6 18. Nef3 Rde8 19. Kh1 Ba4 20. Ra1 Kb8 21. Re1 Qh7
22. Bh3 Bc2 23. Bxe6 Be4 24. f5 Bxf5 25. Bxf5 Qxf5 26. Qxe8+ Rxe8 27. Rxe8+ Kc7
28. Kg2 Nc6 29. Re2 Qd3 30. Rf2 Ne7 31. Nh4 Ng6 32. Nhf3 Nf8 33. Nh4 Ne6 34.
Rf3 Qe2+ 35. Rf2 Nf4+ 36. gxf4 Qg4+ 37. Kf1 Qxh4 38. Nf3 Qh3+ 39. Ke2 0-1

[Event "Lloyds Bank Masters 17th"]
[Site "London"]
[Date "1993.08.22"]
[Round "2"]
[White "Ferron Garcia, Carlos"]
[Black "Norwood, David"]
[Result "0-1"]
[WhiteElo "2345"]
[BlackElo "2515"]
[PlyCount "76"]
[EventDate "1993.08.21"]
[EventType "swiss"]
[EventRounds "10"]
[EventCountry "ENG"]

1. e4 g6 2. d4 d6 3. Nc3 c6 4. Be3 Bg7 5. Qd2 b5 6. Nge2 Nd7 7. Ng3 Nb6 8. Bd3
h5 9. O-O Nf6 10. f3 Qc7 11. Nce2 a6 12. c3 c5 13. Rac1 Be6 14. b3 Rc8 15. Nf4
Bd7 16. Bb1 h4 17. Nh1 g5 18. Ne2 g4 19. f4 h3 20. g3 Qb7 21. d5 Nxe4 22. Bxe4
f5 23. Bb1 Nxd5 24. Kf2 Rh6 25. Ke1 Re6 26. Bg1 b4 27. cxb4 Bb5 28. Bd3 Nxb4
29. Bxb5+ axb5 30. Nf2 Ra8 31. Rc2 Qf3 32. Kd1 Nxc2 33. Qxc2 Qd5+ 34. Kc1 c4
35. Rd1 cxb3 36. Qxb3 Qxb3 37. axb3 Ra1+ 38. Kc2 Rxe2+ 0-1

[Event "Lloyds Bank Masters 17th"]
[Site "London"]
[Date "1993.08.22"]
[Round "2"]
[White "Tucker, Alex"]
[Black "Krasenkow, Michal"]
[Result "0-1"]
[WhiteElo "2215"]
[BlackElo "2595"]
[PlyCount "74"]
[EventDate "1993.08.21"]
[EventType "swiss"]
[EventRounds "10"]
[EventCountry "ENG"]

1. d4 Nf6 2. c4 c5 3. d5 e5 4. Nc3 d6 5. e4 Be7 6. g3 O-O 7. Bg2 Nbd7 8. f4
exf4 9. gxf4 Nb6 10. Qd3 Ng4 11. Nd1 Bh4+ 12. Kf1 f5 13. h3 Ne5 14. Qc2 fxe4
15. Bxe4 Nexc4 16. Nf3 Bg3 17. b3 Bxf4 18. bxc4 Bxc1 19. Rxc1 Qh4 20. Nf2 Qh5
21. Qd3 Bf5 22. Rc3 Bxe4 23. Qxe4 Rae8 24. Qg4 Qxg4 25. Nxg4 Nxc4 26. Kg2 Re2+
27. Kg3 Nb6 28. Ra3 Nxd5 29. Rxa7 h5 30. Ngh2 Ne3 31. h4 Rg2+ 32. Kh3 Rb2 33.
Re1 Ng2 34. Rg1 Nf4+ 35. Kg3 Ne2+ 36. Kh3 c4 37. Rg6 Nf4+ 0-1

[Event "Lloyds Bank Masters 17th"]
[Site "London"]
[Date "1993.08.22"]
[Round "2"]
[White "Chowdhuri, Adway"]
[Black "Saunders, John C"]
[Result "0-1"]
[WhiteElo "1605"]
[BlackElo "2245"]
[PlyCount "72"]
[EventDate "1993.08.21"]
[EventType "swiss"]
[EventRounds "10"]
[EventCountry "ENG"]

1. e4 c6 2. d4 d5 3. exd5 cxd5 4. Nf3 Nf6 5. Nc3 g6 6. Bd3 Bg7 7. O-O O-O 8. h3
Nc6 9. Bf4 Nh5 10. Be3 f5 11. Ne2 Qc7 12. Qc1 Nb4 13. Nf4 Nf6 14. Ng5 Qd6 15.
Be2 h6 16. Nf3 g5 17. Ng6 Re8 18. c3 Nc6 19. Nge5 Ne4 20. Nxc6 bxc6 21. Nd2 f4
22. Nxe4 dxe4 23. Bd2 f3 24. Bc4+ Kh8 25. g4 Qg6 26. Re1 e5 27. d5 Qf7 28. Rxe4
cxd5 29. Bb3 Be6 30. Re3 h5 31. Qd1 hxg4 32. hxg4 Bxg4 33. Rd3 Qf5 34. Rxd5 Bh3
35. Kh2 Qg4 36. Qg1 Bg2 0-1

[Event "Lloyds Bank Masters 17th"]
[Site "London"]
[Date "1993.08.22"]
[Round "2"]
[White "Basman, Michael John"]
[Black "Budnikov, Alexandar"]
[Result "1-0"]
[WhiteElo "2350"]
[BlackElo "2535"]
[PlyCount "65"]
[EventDate "1993.08.21"]
[EventType "swiss"]
[EventRounds "10"]
[EventCountry "ENG"]

1. h3 d5 2. a3 e5 3. c4 d4 4. d3 a5 5. g4 Nc6 6. Nf3 h6 7. Nbd2 Nf6 8. Bg2 Be7
9. g5 hxg5 10. Nxg5 Nh5 11. Ndf3 f6 12. Ne4 g5 13. Qc2 Rg8 14. e3 dxe3 15. Bxe3
Ng7 16. d4 exd4 17. O-O-O Nf5 18. Ng3 Qd7 19. Rhe1 Nxe3 20. fxe3 d3 21. Rxd3
Qe6 22. Rd5 Bd7 23. Nf5 O-O-O 24. Qb3 Qe4 25. Ne5 Qxf5 26. Nxc6 Bxc6 27. Rxf5
Bxg2 28. e4 g4 29. hxg4 Rxg4 30. Rxa5 b6 31. c5 Kb7 32. c6+ Kb8 33. Ra8+ 1-0

[Event "Lloyds Bank Masters 17th"]
[Site "London"]
[Date "1993.08.22"]
[Round "2"]
[White "Britton, Richard"]
[Black "Obukhov, Alexander"]
[Result "0-1"]
[WhiteElo "2305"]
[BlackElo "2490"]
[PlyCount "66"]
[EventDate "1993.08.21"]
[EventType "swiss"]
[EventRounds "10"]
[EventCountry "ENG"]

1. e4 c5 2. Nf3 d6 3. d4 cxd4 4. Nxd4 Nf6 5. Nc3 e6 6. Be3 Be7 7. Be2 O-O 8.
O-O a6 9. a4 Nc6 10. Nb3 b6 11. f4 Bb7 12. Bf3 Qc7 13. Qe1 Nd7 14. Rd1 Rab8 15.
Qg3 Rfe8 16. Kh1 Bf8 17. Rd2 Na5 18. Rdf2 Nxb3 19. cxb3 Nc5 20. f5 exf5 21.
Bxc5 bxc5 22. Bh5 Re5 23. Rxf5 Rxf5 24. exf5 Bc6 25. Bd1 Qb7 26. f6 g6 27. h4
Re8 28. Ne2 Bh6 29. h5 Re3 30. Qh2 Bxg2+ 31. Qxg2 Rh3+ 32. Kg1 Be3+ 33. Rf2 Qf3
0-1

[Event "Lloyds Bank Masters 17th"]
[Site "London"]
[Date "1993.08.22"]
[Round "2"]
[White "Johnsen, Sylvia"]
[Black "Hanreck, Alan E"]
[Result "0-1"]
[WhiteElo "2050"]
[BlackElo "2255"]
[PlyCount "64"]
[EventDate "1993.08.21"]
[EventType "swiss"]
[EventRounds "10"]
[EventCountry "ENG"]

1. e4 c6 2. d4 d5 3. exd5 cxd5 4. c4 Nf6 5. Nc3 e6 6. Nf3 Bb4 7. cxd5 Nxd5 8.
Qb3 Nc6 9. Be2 Qb6 10. Qc4 Qa5 11. Bd2 O-O 12. O-O Bd7 13. a3 Nxc3 14. bxc3 Bd6
15. Qd3 Qc7 16. Ng5 f5 17. Qh3 h6 18. Bh5 Rf6 19. f4 g6 20. Qg3 hxg5 21. Qxg5
Kg7 22. Rf3 Rh8 23. Rg3 Be8 24. Rd1 Be7 25. Rh3 Rff8 26. Qg3 Rh6 27. Bg4 Rxh3
28. Bxh3 Na5 29. Qe1 Ba4 30. Rb1 Bc2 31. Rc1 Be4 32. c4 Nb3 0-1

[Event "Lloyds Bank Masters 17th"]
[Site "London"]
[Date "1993.08.22"]
[Round "2"]
[White "Levitt, Jonathan"]
[Black "Spice, Alan"]
[Result "1-0"]
[WhiteElo "2455"]
[BlackElo "2200"]
[PlyCount "63"]
[EventDate "1993.08.21"]
[EventType "swiss"]
[EventRounds "10"]
[EventCountry "ENG"]

1. d4 e6 2. c4 f5 3. g3 Nf6 4. Bg2 Be7 5. Nf3 d6 6. O-O O-O 7. b3 Qe8 8. Bb2
Bd8 9. Nbd2 Nc6 10. c5 dxc5 11. Nc4 cxd4 12. Nxd4 Nxd4 13. Qxd4 Be7 14. Rad1
Qh5 15. Qe5 Ne8 16. Rd2 Qh6 17. Rfd1 Nd6 18. e3 Bd7 19. Bxb7 Rab8 20. Bg2 Nxc4
21. bxc4 Bd6 22. Qd4 Ba4 23. c5 Bxd1 24. cxd6 c5 25. Qxc5 Rfc8 26. Qxa7 Bg4 27.
d7 Rd8 28. h4 f4 29. exf4 Qg6 30. Kh2 Qb1 31. Qd4 Rxd7 32. Qxd7 1-0

[Event "Lloyds Bank Masters 17th"]
[Site "London"]
[Date "1993.08.22"]
[Round "2"]
[White "Nielsen, Uffe V"]
[Black "Van der Sterren, Paul"]
[Result "0-1"]
[WhiteElo "2350"]
[BlackElo "2530"]
[PlyCount "60"]
[EventDate "1993.08.21"]
[EventType "swiss"]
[EventRounds "10"]
[EventCountry "ENG"]

1. d4 Nf6 2. c4 e6 3. Nc3 d5 4. cxd5 exd5 5. Bg5 c6 6. e3 Be7 7. Bd3 Nbd7 8.
Qc2 O-O 9. Nge2 Re8 10. O-O-O a5 11. g4 Nf8 12. h3 a4 13. Ng3 Qa5 14. Kb1 b5
15. Nce2 Bd7 16. Nf5 Bxf5 17. gxf5 Rac8 18. Rhg1 Kh8 19. Nf4 N8d7 20. Qe2 a3
21. b3 c5 22. Bxf6 Nxf6 23. Bxb5 Red8 24. Rc1 Rb8 25. Bd3 c4 26. Bc2 Bd6 27.
Qe1 Bb4 28. Qf1 Bd2 29. Qg2 Rg8 30. Ne2 Bxc1 0-1

[Event "Lloyds Bank Masters 17th"]
[Site "London"]
[Date "1993.08.22"]
[Round "2"]
[White "Van Parreren, Hanneke"]
[Black "Duncan, Christopher R"]
[Result "0-1"]
[WhiteElo "2175"]
[BlackElo "2280"]
[PlyCount "60"]
[EventDate "1993.08.21"]
[EventType "swiss"]
[EventRounds "10"]
[EventCountry "ENG"]

1. d4 d5 2. Nf3 Nf6 3. c4 dxc4 4. Nc3 c5 5. e3 a6 6. Bxc4 e6 7. O-O b5 8. Be2
Bb7 9. a4 b4 10. Nb1 Nbd7 11. Nbd2 a5 12. Nc4 Be7 13. b3 O-O 14. Bb2 Qc7 15.
Nfe5 Rfd8 16. Rc1 Rac8 17. Bf3 Nxe5 18. Nxe5 Bd6 19. Bxb7 Qxb7 20. Nc4 cxd4 21.
Bxd4 e5 22. Bb2 Bc7 23. Qe2 Rd5 24. Rfd1 Nd7 25. Rxd5 Qxd5 26. Rd1 Qe6 27. e4
Nc5 28. Qe3 Nxa4 29. Bxe5 Bxe5 30. Nxe5 Nc3 0-1

[Event "Lloyds Bank Masters 17th"]
[Site "London"]
[Date "1993.08.22"]
[Round "2"]
[White "Sadler, Matthew D"]
[Black "Asanov, Bolat"]
[Result "1-0"]
[WhiteElo "2535"]
[BlackElo "2385"]
[PlyCount "55"]
[EventDate "1993.08.21"]
[EventType "swiss"]
[EventRounds "10"]
[EventCountry "ENG"]

1. d4 g6 2. c4 Bg7 3. e4 d6 4. Nc3 Nf6 5. f3 O-O 6. Bg5 Nbd7 7. Qd2 a6 8. Nge2
c5 9. dxc5 dxc5 10. Rd1 Qa5 11. Nc1 e6 12. Be2 Ne5 13. f4 Nc6 14. e5 Nd7 15.
O-O f6 16. Nb3 Qb4 17. exf6 Nxf6 18. Kh1 Kh8 19. Qd6 Nd7 20. Rf3 a5 21. Nb5 Nd4
22. a3 Nxb5 23. Qxf8+ Nxf8 24. axb4 Nd4 25. Nxd4 Bxd4 26. Rxd4 cxd4 27. Bf6+
Kg8 28. Ra3 1-0

[Event "Lloyds Bank Masters 17th"]
[Site "London"]
[Date "1993.08.22"]
[Round "2"]
[White "Regan, Natasha"]
[Black "Merriman, John"]
[Result "1/2-1/2"]
[WhiteElo "2140"]
[BlackElo "2235"]
[PlyCount "54"]
[EventDate "1993.08.21"]
[EventType "swiss"]
[EventRounds "10"]
[EventCountry "ENG"]

1. c4 e5 2. Nc3 Nc6 3. g3 g6 4. Bg2 Bg7 5. d3 Nge7 6. e4 O-O 7. Nge2 d6 8. Bg5
h6 9. Be3 Be6 10. Qd2 Kh7 11. O-O f5 12. Nd5 Qd7 13. Rab1 Ng8 14. b3 Nd8 15.
Ndc3 Nf6 16. f3 Nf7 17. d4 fxe4 18. d5 Bh3 19. fxe4 Bxg2 20. Kxg2 Ng4 21. Ng1
h5 22. Nh3 Nxe3+ 23. Qxe3 Bh6 24. Qe2 Ng5 25. Nxg5+ Bxg5 26. Rxf8 Rxf8 27. Rf1
Rxf1 1/2-1/2

[Event "Lloyds Bank Masters 17th"]
[Site "London"]
[Date "1993.08.22"]
[Round "2"]
[White "Houska, Jovanka"]
[Black "Cooper, Lawrence"]
[Result "0-1"]
[WhiteElo "1872"]
[BlackElo "2310"]
[PlyCount "52"]
[EventDate "1993.08.21"]
[EventType "swiss"]
[EventRounds "10"]
[EventCountry "ENG"]

1. e4 e5 2. Nf3 Nc6 3. d4 exd4 4. c3 d5 5. exd5 Qxd5 6. Nxd4 Nxd4 7. cxd4 Bd7
8. Nc3 Bb4 9. a3 Bxc3+ 10. bxc3 O-O-O 11. Qf3 Qa5 12. Bd2 Nf6 13. Bd3 Rhe8+ 14.
Kf1 Bg4 15. Qf4 Qh5 16. f3 Be6 17. Rb1 Nd5 18. Qg3 Bf5 19. Bxf5+ Qxf5 20. Qg4
Ne3+ 21. Bxe3 Qxg4 22. fxg4 Rxe3 23. Rc1 Rde8 24. Kf2 Re2+ 25. Kf3 g5 26. Kg3
R8e3# 0-1

[Event "Lloyds Bank Masters 17th"]
[Site "London"]
[Date "1993.08.22"]
[Round "2"]
[White "Coleman, David"]
[Black "Rayner, Francis"]
[Result "1-0"]
[WhiteElo "2260"]
[BlackElo "2295"]
[PlyCount "49"]
[EventDate "1993.08.21"]
[EventType "swiss"]
[EventRounds "10"]
[EventCountry "ENG"]

1. e4 e5 2. Nf3 d6 3. d4 exd4 4. Nxd4 Nf6 5. Nc3 Be7 6. Bf4 O-O 7. Qd2 c6 8.
O-O-O d5 9. exd5 Nxd5 10. Nxd5 Qxd5 11. c4 Qc5 12. Bd3 Na6 13. Rhe1 Nb4 14. Re5
Nxd3+ 15. Qxd3 Qd6 16. Qe4 Bd8 17. Nf3 f5 18. Qe3 Qg6 19. Rxd8 Rxd8 20. Re7 Kf8
21. c5 Bd7 22. Bd6 Kg8 23. Qb3+ Kh8 24. Ne5 Qg5+ 25. Kc2 1-0

[Event "Lloyds Bank Masters 17th"]
[Site "London"]
[Date "1993.08.22"]
[Round "2"]
[White "Arakhamia Grant, Ketevan"]
[Black "Rice, Christopher"]
[Result "1-0"]
[WhiteElo "2440"]
[BlackElo "2190"]
[PlyCount "47"]
[EventDate "1993.08.21"]
[EventType "swiss"]
[EventRounds "10"]
[EventCountry "ENG"]

1. e4 e6 2. d4 d5 3. Nc3 dxe4 4. Nxe4 Bd7 5. Nf3 Bc6 6. Bd3 Nd7 7. O-O Ngf6 8.
Ng3 Be7 9. Re1 O-O 10. c4 Bxf3 11. Qxf3 c5 12. d5 exd5 13. Nf5 Re8 14. cxd5 Nb6
15. Bb5 Nfd7 16. Bd2 Bf6 17. Rxe8+ Qxe8 18. Re1 Qf8 19. d6 Rb8 20. Re7 Qd8 21.
Bc3 a6 22. Bxd7 Nxd7 23. Nh6+ gxh6 24. Rxd7 1-0

[Event "Lloyds Bank Masters 17th"]
[Site "London"]
[Date "1993.08.22"]
[Round "2"]
[White "Williams, Simon Kim"]
[Black "King, Daniel J"]
[Result "0-1"]
[WhiteElo "2255"]
[BlackElo "2455"]
[PlyCount "48"]
[EventDate "1993.08.21"]
[EventType "swiss"]
[EventRounds "10"]
[EventCountry "ENG"]

1. c4 b6 2. Nc3 e6 3. e4 Bb7 4. Nf3 Bb4 5. Bd3 Ne7 6. O-O O-O 7. e5 Ng6 8. Be4
Bxe4 9. Nxe4 d6 10. exd6 cxd6 11. Qa4 a5 12. a3 d5 13. cxd5 Qxd5 14. axb4 Qxe4
15. bxa5 Qf5 16. b4 Nf4 17. Qb3 Nc6 18. a6 Qb5 19. Bb2 Rfd8 20. Qe3 Nd3 21. Bc3
h6 22. Rfb1 e5 23. Ne1 Nf4 24. Qe4 Ne2+ 0-1